00786nam a2200205 a 450000100100000000500170001000800410002702000150006804000250008310000340010824500590014226000730020130000280027449000290030250000210033171000710035283000350042395201050045899900170056300004202020201002035905.0130725s1991 sp a 001 0 spa d a8400071565 aDO-SdBNPbspacBNPHU1 aPeña, Lorenzod1944-96897010aRudimentos de lógica matemática /cLorenzo Peña. aMadrid :bConsejo Superior de Investigaciones Científicas.,c1991. a334 p. :bil. ;c29 cm.1 aTextos universitariosv7 aIncluye índice2 aConsejo Superior de Investigaciones Científicas(España)967719 0aTextos universitariosv791147 001050718MOaGRbGRcCTd2013-11-01iLF1l0o p42020-10r2020-06-25w2020-06-25y1ZNo se presta c41509d41509